Najpopularniejsze odcinki Kapitana Bomby - Statystyki

Ogólne statystyki
  • Ten quiz został rozwiązany 31 razy
  • Średni wynik to 3 z 10
Statystyki odpowiedzi
Odcinek % Poprawnych
Yeti
77%
Ekonomiczne Uproszczone Rozgrywki Ogólnogalaktyczne
42%
Bordowy Alarm
35%
Uczeń Kamil Zdun
31%
R.K.S. CHUWDU
23%
H.W.D.P.
19%
Kryptonim Puchacz
15%
Michał Parchaś
15%
4 Dyżur z rzędu
12%
Greg Lepkie Rączki
8%
Nie znaleziono quizów pasujących do podanych kryteriów
Rozkład punktacji
Procent ludzi z każdym wynikiem
Percentyl według liczby udzielonych odpowiedzi
Twoja historia wyników
Nie rozwiązałeś tego quizu